<?xml version="1.0" encoding="UTF-8"?><?xml-stylesheet type="text/xsl" href="static/style.xsl"?><OAI-PMH xmlns="http://www.openarchives.org/OAI/2.0/" xmlns:xsi="http://www.w3.org/2001/XMLSchema-instance" xsi:schemaLocation="http://www.openarchives.org/OAI/2.0/ http://www.openarchives.org/OAI/2.0/OAI-PMH.xsd"><responseDate>2026-04-13T13:42:43Z</responseDate><request verb="GetRecord" identifier="oai:www.recercat.cat:2099.1/16378" metadataPrefix="marc">https://recercat.cat/oai/request</request><GetRecord><record><header><identifier>oai:recercat.cat:2099.1/16378</identifier><datestamp>2026-01-19T05:48:09Z</datestamp><setSpec>com_2072_1033</setSpec><setSpec>col_2072_452951</setSpec></header><metadata><record xmlns="http://www.loc.gov/MARC21/slim" xmlns:dcterms="http://purl.org/dc/terms/" xmlns:xsi="http://www.w3.org/2001/XMLSchema-instance" xmlns:doc="http://www.lyncode.com/xoai" xsi:schemaLocation="http://www.loc.gov/MARC21/slim http://www.loc.gov/standards/marcxml/schema/MARC21slim.xsd">
   <leader>00925njm 22002777a 4500</leader>
   <datafield ind2=" " ind1=" " tag="042">
      <subfield code="a">dc</subfield>
   </datafield>
   <datafield ind2=" " ind1=" " tag="720">
      <subfield code="a">Pesantes Cassola, Carlos</subfield>
      <subfield code="e">author</subfield>
   </datafield>
   <datafield ind2=" " ind1=" " tag="260">
      <subfield code="c">2012-06-11</subfield>
   </datafield>
   <datafield ind2=" " ind1=" " tag="520">
      <subfield code="a">En el trabajo final de carrera que se describe a continuación, se realizará en los&#xd;
primeros capítulos una descripción de todos los elementos que conforman la sala de&#xd;
maquinas, sala técnica y maquinillas de cubierta en general, centrándonos en realizar&#xd;
una descripción técnica de algunos elementos importantes tomados como referencia&#xd;
tales como, el motor principal, los generadores auxiliares, generador de emergencia, compresores con sus respectivas tablas de mantenimiento y también se hará una&#xd;
descripción de la tabla general de control de mantenimiento de todos los componentes del buque que se realizo durante este periodo de embarque.&#xd;
El objetivo de este trabajo consiste en hacer un análisis del plan de mantenimiento que tiene impuesta la naviera y de cómo podremos realizar una propuesta de mejora del&#xd;
mismo hacia el buque de contenedores y carga rodada (Con/Ro).</subfield>
   </datafield>
   <datafield tag="653" ind2=" " ind1=" ">
      <subfield code="a">Àrees temàtiques de la UPC::Nàutica::Enginyeria naval::Manteniment i reparació del vaixell</subfield>
   </datafield>
   <datafield tag="653" ind2=" " ind1=" ">
      <subfield code="a">Marine engineering</subfield>
   </datafield>
   <datafield tag="653" ind2=" " ind1=" ">
      <subfield code="a">Mantenimeinto</subfield>
   </datafield>
   <datafield tag="653" ind2=" " ind1=" ">
      <subfield code="a">Buques</subfield>
   </datafield>
   <datafield tag="653" ind2=" " ind1=" ">
      <subfield code="a">Con/ro</subfield>
   </datafield>
   <datafield tag="653" ind2=" " ind1=" ">
      <subfield code="a">Vaixells -- Manteniment i reparació</subfield>
   </datafield>
   <datafield tag="653" ind2=" " ind1=" ">
      <subfield code="a">Vaixells de càrrega rodada -- Manteniment i reparació</subfield>
   </datafield>
   <datafield tag="653" ind2=" " ind1=" ">
      <subfield code="a">Vaixells portacontenidors -- Manteniment i reparació</subfield>
   </datafield>
   <datafield tag="653" ind2=" " ind1=" ">
      <subfield code="a">Enginyeria naval</subfield>
   </datafield>
   <datafield ind2="0" ind1="0" tag="245">
      <subfield code="a">Analisis y mejora del plan de mantenimiento del buque CON/RO OPDR Andalucia</subfield>
   </datafield>
</record></metadata></record></GetRecord></OAI-PMH>